000 00645nam a2200289Ia 4500
005 20260324134835.0
008 008 260324s9999 xx 000 0 eng d
020 _a9781315840918
037 _aEBOOK
040 _aCRL
040 _beng
040 _cCRL
041 _2eng
041 _aeng
084 _qCRL
100 _aSharon Kettering
_91196233
245 0 _aFrench Society
245 0 _b1589-1715
260 _bTaylor and Francis
260 _c2001
365 _a
365 _b300
856 _uhttp://www.taylorfrancis.com/books/9781315840918
942 _cEBOOK
999 _c1798819
_d1798819